| 000 | 00823nam a22002537a 4500 | ||
|---|---|---|---|
| 003 | OSt | ||
| 008 | 260602b |||||||| |||| 00| 0 eng d | ||
| 020 | _a9789388020534 | ||
| 082 |
_a664.028 _bC43R |
||
| 245 |
_aRecent Trends and Advances in Food Science & Post Harvest Technology _cIvi Chakraborty |
||
| 260 |
_aNew Delhi: _bSatish Serial Publishing House, _c2020. |
||
| 300 | _axxiii, 419 p. | ||
| 650 | _aPostharvest technology. | ||
| 650 | _aFood $x Preservation. | ||
| 650 | _aFood processing plants $x Technological innovations. | ||
| 650 | _aCrops $x Postharvest physiology. | ||
| 650 | _aFood science $x Technological innovations. | ||
| 650 | _aPostharvest technology. | ||
| 700 | _aIlahy, Riadh | ||
| 700 | _aVikram Balaji | ||
| 700 | _aO.J. Sujayasree | ||
| 700 | _aMani, Arghya | ||
| 942 |
_2ddc _cBK |
||
| 999 |
_c52504 _d52504 |
||